Normal view
MARC view
Entry Personal Name
001 - CONTROL NUMBER
- control field: 164109
003 - CONTROL NUMBER IDENTIFIER
- control field: OSt
005 - DATE AND TIME OF LATEST TRANSACTION
- control field: 20220923220332.0
008 - FIXED-LENGTH DATA ELEMENTS
- fixed length control field: 220923|| aca||aabn | a|a d
040 ## - CATALOGING SOURCE
- Original cataloging agency: OSt
- Transcribing agency: OSt
100 ## - HEADING--PERSONAL NAME
- Personal name: ममफोर्ड, रेयूइस; शर्मा, पदमसिंह, अनु
670 ## - SOURCE DATA FOUND
- Source citation: Work cat.: (OSt)339264: ममफोर्ड, रेयूइस; शर्मा, पदमसिंह, अनु., शहरों की संस्कृति, 1969
